000 00814nam0a22002411 4500
001 rc\794351
005 20250622134146.0
035 _a(NLR Aleph) 006319323
090 _a7435031
_c7435031
100 _a20040301d1983 |||y0rusy50 ca
101 0 _arus
102 _aRU
105 _ay |||||||||
200 1 _aИсследование помехозащищенности архивов КАСПИ ЭВМ
210 _aМ.
_cИТМИВТ
_d1983
215 _a11 с.
_d22
225 1 _aПрепринт
_fИн-т точ. механики и вычисл. техники им. С.А. Лебедева АН СССР
_v№ 5
700 1 _aЕрмохин
_bВ.Н.
_gВалерий Никифорович
801 0 _aRU
_bNLR
_gpsbo
801 1 _aRU
_bELAR
_2rusmarc
852 _aNLR
_j83-6/5629
942 _cBOOK
980 _aNB